Theatre at the crossroads plays and playwrights of the mid-century American stage
Saved in:
| Main Author: | |
|---|---|
| Format: | Book |
| Language: | English |
| Published: |
Holt, Rinehart and Winston
1960
|
| Tags: |
Add Tag
No Tags, Be the first to tag this record!
|
MARC
| LEADER | 00000nam a22000007a 4500 | ||
|---|---|---|---|
| 008 | 201222b ||||| |||| 00| 0 eng d | ||
| 100 | |a GASSNER, John, 1903 | ||
| 245 | |a Theatre at the crossroads |b plays and playwrights of the mid-century American stage |c John Gassner | ||
| 260 | |b Holt, Rinehart and Winston |c 1960 |h New York |i 77386 |l PN1851 .G21 | ||
| 942 | |a lcc |c BK |e ADEYEYE Y. S. |f 22/12/2020 | ||
| 952 | |0 0 |1 0 |2 lcc |4 0 |7 0 |9 1151 |a HOL |b HOL |c LP |d 2020-12-22 |o PN1851 .G21 |p 2020-230358 |r 2020-12-22 00:00:00 |w 2020-12-22 |y BK | ||
| 999 | |c 601 |d 601 | ||